000 00698cam a2200241 4500500
005 20260329005217.0
041 _afre
042 _adc
100 1 0 _aDurand, Jean-Marie
_eauthor
245 0 0 _aEt si les Beatles n’étaient pas nés ?
260 _c2022.
500 _a60
690 _aBeatles
690 _aDétournement
690 _aFiction
690 _aHumour
690 _aLittérature
690 _aPhysique quantique
690 _aPierre Bayard
690 _aSubversion
786 0 _nPhilosophie magazine | 164 | 11 | 2022-11-01 | p. 64-64 | 1951-1787
856 4 1 _uhttps://shs.cairn.info/magazine-philosophie-magazine-2022-11-page-64?lang=fr&redirect-ssocas=7080
999 _c1841351
_d1841351